MARC details
| 000 -CABECERA |
| campo de control de longitud fija |
00968nam a2200289 a 4500 |
| 001 - NÚMERO DE CONTROL |
| campo de control |
000014840 |
| 003 - IDENTIFICADOR DEL NÚMERO DE CONTROL |
| campo de control |
DO-SdBNP |
| 005 - FECHA Y HORA DE LA ÚLTIMA TRANSACCIÓN |
| campo de control |
20260209095655.0 |
| 008 - DATOS DE LONGITUD FIJA--INFORMACIÓN GENERAL |
| campo de control de longitud fija |
100122s1965 mx 000 0 spa d |
| 040 ## - FUENTE DE LA CATALOGACIÓN |
| Centro catalogador/agencia de origen |
DO-SdBNP |
| Lengua de catalogación |
spa |
| Centro/agencia transcriptor |
BNPHU |
| 041 17 - CÓDIGO DE LENGUA |
| Código de lengua del texto/banda sonora o título independiente |
spa |
| Código de lengua original |
fre |
| 082 ## - NÚMERO DE LA CLASIFICACIÓN DECIMAL DEWEY |
| Número de clasificación |
303.6 |
| Número de documento/Ítem |
F214c |
| 100 1# - ENTRADA PRINCIPAL--NOMBRE DE PERSONA |
| Nombre de persona |
Fanon, Frantz, |
| Fechas asociadas al nombre |
1925-1961 |
| 9 (RLIN) |
33621 |
| 245 14 - MENCIÓN DE TÍTULO |
| Título |
Los condenados de la tierra : / |
| Mención de responsabilidad, etc. |
Frantz Fanon ; traducción de Julieta Campos ; prólogo de Jean Paul Sartre. |
| 250 ## - MENCIÓN DE EDICIÓN |
| Mención de edición |
2a ed. |
| 260 ## - PUBLICACIÓN, DISTRIBUCIÓN, ETC. |
| Lugar de publicación, distribución, etc. |
México : |
| Nombre del editor, distribuidor, etc. |
Fondo de Cultura Económica, |
| Fecha de publicación, distribución, etc. |
1965. |
| 300 ## - DESCRIPCIÓN FÍSICA |
| Extensión |
300 p. ; |
| Dimensiones |
17 cm. |
| 490 1# - MENCIÓN DE SERIE |
| Mención de serie |
Tiempo Presente |
| Designación de volumen o secuencia |
47 |
| 500 ## - NOTA GENERAL |
| Nota general |
La biblioteca posee la 2da. reimpresión del 1971 |
| 650 #7 - PUNTO DE ACCESO ADICIONAL DE MATERIA--TÉRMINO DE MATERIA |
| Término de materia o nombre geográfico como elemento de entrada |
Solución de conflictos |
| 9 (RLIN) |
11758 |
| Fuente del encabezamiento o término |
LIBRUNAM |
| 650 #4 - PUNTO DE ACCESO ADICIONAL DE MATERIA--TÉRMINO DE MATERIA |
| Término de materia o nombre geográfico como elemento de entrada |
Conflictos culturales |
| 9 (RLIN) |
33623 |
| 650 #0 - PUNTO DE ACCESO ADICIONAL DE MATERIA--TÉRMINO DE MATERIA |
| Término de materia o nombre geográfico como elemento de entrada |
Violencia |
| 9 (RLIN) |
1750 |
| 700 1# - PUNTO DE ACCESO ADICIONAL--NOMBRE DE PERSONA |
| Nombre de persona |
Campos, Julieta, |
| Término indicativo de función/relación |
tr. |
| 9 (RLIN) |
33624 |
| 700 1# - PUNTO DE ACCESO ADICIONAL--NOMBRE DE PERSONA |
| Nombre de persona |
Sartre, Jean Paul, |
| Término indicativo de función/relación |
pról. |
| 9 (RLIN) |
33625 |
| 830 #0 - PUNTO DE ACCESO ADICIONAL DE SERIE-TÍTULO UNIFORME |
| Título uniforme |
Tiempo Presente ; |
| Número de parte o sección de la obra |
47 |
| 9 (RLIN) |
33626 |
| 942 ## - ELEMENTOS DE PUNTO DE ACCESO ADICIONAL (KOHA) |
| Fuente del sistema de clasificación o colocación |
Dewey Decimal Classification |
| Tipo de ítem Koha |
Libro |